| 000 | 01671nam a2200229Ia 4500 | ||
|---|---|---|---|
| 003 | Ost | ||
| 005 | 20260507075224.0 | ||
| 008 | 260507s9999||||xx |||||||||||||| ||und|| | ||
| 040 | _cfsecg | ||
| 041 | _aara | ||
| 082 | _a330 | ||
| 100 |
_aبظاظو، ابراهيم _eمؤلف |
||
| 245 | 0 |
_aالسياحة البيئية وأسس استدامتها / _c ابراهيم بظاظو |
|
| 260 |
_aعمان: _bدار الوراق للنشر والتوزيع, _c2010 |
||
| 300 |
_a835 صفحة؛ _bإيضاحات ؛ _c24 سم |
||
| 504 | _aمراجع ص.817 | ||
| 520 | _aأسس و مفاهيم صناعة السياحة الحديثة ، مفاهيم أساسية في علم البيئة و في البيئة المستدامة ، قواعد و أسس السياحة البيئية و السياحة المستدامة ، التخطيط السياحي البيئي ، التخطيط السياحي المستدام في المواقع التراثية و الاثرية ، أسس اعداد و بناء منتجعات السياحة البيئية ، تنمية السياحة البيئية و أسس استدامتها ، أدوات تحقيق التنمية السياحية المستدامة في السياحة البيئية ، إدارة و تطوير المحميات الطبيعية ، تقييم الاثر البيئي و ادارة المواقع في السياحة البيئية و تسويق برامجها ، تطبيقات الاستشعار عن بعد في السياحة البيئية ، تطبيقات نظام التو | ||
| 653 | _aالبيئة | ||
| 653 | _aالسياحة | ||
| 653 | _aتنمية السياحة | ||
| 942 | _cكتاب | ||
| 999 |
_c43534 _d43534 |
||